The All India Reporter1966 (V-53) ALLAHABAD Section (Record no. 6809)

MARC details
000 -LEADER
fixed length control field 00297nam a22001217a 4500
005 - DATE AND TIME OF LATEST TRANSACTION
control field 20200604110755.0
008 - FIXED-LENGTH DATA ELEMENTS--GENERAL INFORMATION
fixed length control field 200604b xxu||||| |||| 00| 0 eng d
082 ## - DEWEY DECIMAL CLASSIFICATION NUMBER
Classification number 345.4 AIR
245 ## - TITLE STATEMENT
Title The All India Reporter1966 (V-53) ALLAHABAD Section
300 ## - PHYSICAL DESCRIPTION
Number of Pages 384p.
650 ## - SUBJECT ADDED ENTRY--TOPICAL TERM
Topical Term LAW
942 ## - ADDED ENTRY ELEMENTS (KOHA)
Koha item type Journals/Serial
Holdings
Lost status Damaged status Collection code Home library Current library Shelving location Date acquired Source of acquisition Full call number Accession Number Koha item type
    LAW JRU Library JRU Library SHELF-35-E 16/06/2020 PURCHASE 345.4 AIR 24405 Journals/Serial